[Event "Wroclaw Anderssen Memorial op-C"]
[Site "Wroclaw"]
[Date "2023.??.??"]
[Round "7"]
[White "Barteckova, Nikol"]
[Black "Nagly, Malgorzata"]
[Result "1-0"]
[WhiteElo "1226"]
[BlackElo "1014"]
[PlyCount "69"]
[EventDate "2023.08.06"]
[EventType "swiss"]
[EventRounds "9"]
[EventCountry "POL"]
[SourceTitle "EXT 2024"]
[Source "ChessBase"]
[SourceDate "2023.10.10"]
[SourceVersion "1"]
[SourceVersionDate "2023.10.10"]
[SourceQuality "1"]

1. e4 e6 2. d4 d5 3. exd5 exd5 4. Nf3 Bd6 5. Bd3 Nf6 6. Nc3 0-0 7. 0-0 Bg4 8. h3 Bh5 9. Bg5 c6 10. Re1 h6 11. Bh4 g5 12. Bg3 g4 13. hxg4 Bxg3 14. gxh5 Qd6 15. fxg3 Qxg3 16. Ne5 Nbd7 17. Qf3 Qg5 18. Nxd7 Nxd7 19. Qf5 Nf6 20. Qxg5+ hxg5 21. Re5 Nxh5 22. Rxg5+ Ng7 23. Kf2 Rae8 24. Rh1 f6 25. Rg3 Re7 26. Re1 Rxe1 27. Kxe1 Re8+ 28. Kf2 Re7 29. Re3 Kf7 30. Rxe7+ Kxe7 31. g4 Ne6 32. Ke3 Kf7 33. Ne2 Kg7 34. Nf4 Nxf4 35. Kxf4 1-0

[Event "Wroclaw Anderssen Memorial op-C"]
[Site "Wroclaw"]
[Date "2023.??.??"]
[Round "1"]
[White "Nagly, Malgorzata"]
[Black "Sultanowski, Blazej"]
[Result "0-1"]
[WhiteElo "1014"]
[BlackElo "1371"]
[PlyCount "58"]
[EventDate "2023.08.06"]
[EventType "swiss"]
[EventRounds "9"]
[EventCountry "POL"]
[SourceTitle "EXT 2024"]
[Source "ChessBase"]
[SourceDate "2023.10.10"]
[SourceVersion "1"]
[SourceVersionDate "2023.10.10"]
[SourceQuality "1"]

1. e4 c5 2. c3 d5 3. e5 d4 4. Bb5+ Bd7 5. Qa4 Nc6 6. f4 a6 7. cxd4 axb5 8. Qxb5 Nxd4 9. Qxc5 Nb3 10. Qb4 Nxa1 11. Qxb7 Qc8 12. Qxc8+ Rxc8 13. Nc3 Nc2+ 14. Ke2 Nd4+ 15. Kf2 e6 16. d3 Bc5 17. Kg3 Ne7 18. Nh3 Nef5+ 19. Kf2 Nb3+ 20. Ke2 Nfd4+ 21. Kd1 Nxc1 22. Kxc1 Bb4 23. Kd2 Nb5 24. Rc1 0-0 25. Nf2 Rc7 26. Nfe4 Rfc8 27. a3 Ba5 28. b4 Nxc3 29. Nxc3 Bb6 0-1